Names in the Bible that start with 'B' - Statistics

General Stats
  • This quiz has been taken 68 times
  • The average score is 2 of 15
Answer Stats
Answer % Correct
Ben/Benjamin
85%
Baal
37%
Boaz
29%
Barnabus
27%
Barabbus
24%
Bartholemew
17%
Beelzebub
14%
Bernice
3%
Bartimeus
2%
Barachel
0%
Bedadiah
0%
Bekah
0%
Beno
0%
Bera
0%
Bozrah
0%
No matching quizzes found
Score Distribution
Percent of People with Each Score
Percentile by Number Answered
Your Score History
You have not taken this quiz